| 000 | 00843nam a2200217 a 4500 | ||
|---|---|---|---|
| 001 | 000025924 | ||
| 005 | 20240521134623.0 | ||
| 008 | 110224s2001 dr 000 0 spa d | ||
| 040 |
_aDO-SdBNP _bspa _cBNPHU |
||
| 082 |
_a354.34 _bC748p |
||
| 111 | 2 |
_aConferencia de plenipotenciarios _d(2001 may. 22-23 : _cEstocolmo) _952783 |
|
| 245 | 1 | 0 | _aConvenio de Estocolmo sobre contaminantes orgánicos persistentes. |
| 260 |
_aSanto Domingo : _bSecretaría de Estado de Médico Ambiente y Recursos Naturales, _c2001. |
||
| 300 |
_a45 p. ; _c21 cm. |
||
| 590 | _aInventariado, 2018/MFF | ||
| 650 | 0 |
_aPolítica ambiental _97280 |
|
| 650 | 4 |
_aContaminantes orgánicos _xLegislación _952784 |
|
| 650 | 4 |
_aContaminantes persistentes _xLegislación _952785 |
|
| 650 | 4 |
_aProtección del medio ambiente _94185 |
|
| 910 | _aValidado. Control de calidad EMS | ||
| 999 |
_c25416 _d25416 |
||